Statystyki dla Geografia quiz #81 - Państwa na literę P

Kliknij tutaj aby rozwiązać quiz!

Ogólne statystyki

  • Ten quiz został rozwiązany 40 razy
  • Średni wynik to 7 z 8

Statystyki odpowiedzi

PaństwoKontynentPowierzchniaLiczba ludności% Poprawnych
PortugaliaEuropa92 391 km²10 677 000
100%
PolskaEuropa322 575 km²38 200 037
97%
PanamaAmeryka Północna78 200 km²3 293 000
95%
ParagwajAmeryka Południowa406 750 km²6 670 000
89%
PeruAmeryka Południowa1 285 220 km²29 181 000
89%
PakistanAzja803 940 km²176 242 949
87%
Papua-Nowa GwineaAustralia i Oceania462 840 km²5 932 000
74%
PalauAustralia i Oceania508 km²20 800
68%

Rozkład punktacji

Percentyl według liczby udzielonych odpowiedzi

Procent ludzi z każdym wynikiem

Twoja historia wyników

Nie rozwiązałeś tego quizu